Casos reales como ejercicios de decisiones gerenciales
Gardado en:
| Autor Principal: | |
|---|---|
| Formato: | Libro |
| Idioma: | Lingua castelá |
| Publicado: |
Valparaíso
Universidad Católica de Valparaíso
1983
|
| Series: | Documentos Docentes, 9
|
| Subjects: | |
| Tags: |
Engadir etiqueta
Sen Etiquetas, Sexa o primeiro en etiquetar este rexistro!
|
MARC
| LEADER | 00000nam a2200000 a 4500 | ||
|---|---|---|---|
| 001 | UCT6158 | ||
| 003 | CL-VaPUC | ||
| 008 | 961230e19830000CL |||||||||||||||||spa|d | ||
| 082 | 0 | 4 | |a 658.15 |b DEC |2 21 |
| 100 | 0 | |a De Carlos Stoltze, Carlos Sergio |e author |9 376013 | |
| 245 | 1 | 0 | |a Casos reales como ejercicios de decisiones gerenciales |
| 300 | |a 94 p | ||
| 942 | |c BK | ||
| 945 | |d 19961230 00:00:00 |a nastorga | ||
| 260 | |a Valparaíso |b Universidad Católica de Valparaíso |c 1983 | ||
| 650 | 0 | |a Empresas |9 255569 | |
| 650 | 0 | |a Estudio de casos |9 257099 | |
| 650 | 0 | |a Administración de empresas |9 260833 | |
| 650 | 7 | |a INSTITUCIONES |2 CL-VaPUC |9 329701 | |
| 650 | 0 | |a Ejercicios |9 269807 | |
| 651 | 0 | |a España |9 254926 | |
| 651 | 0 | |a Brasil |9 267393 | |
| 651 | 0 | |a Suecia |9 268974 | |
| 651 | 0 | |a Bolivia |9 255454 | |
| 583 | |a last modification |c 19961230 00:00:00 |k Rodrigo Vera | ||
| 490 | 0 | |a Documentos Docentes, 9 | |
| 999 | |c 254879 |d 254877 | ||